000 00432 a2200157 4500
005 20260413112531.0
008 260410b |||||||| |||| 00| 0 eng d
020 _a9788197203398
080 _aFM
_bASH/N
100 _aAsha, Abhilash
245 _aNoolppavakal(നൂൽപ്പാവകൾ)
260 _bMankind Literature.
_aCalicut.
_c2024.
300 _a272p.
653 _aFiction-Novel-Malayalam Literature
942 _cBK
999 _c115373
_d115372